[Event "Titled Tuesday intern op 12th Jan"]
[Site "Chess.com INT"]
[Date "2021.01.12"]
[Round "10"]
[White "Marin Masis, Jose Esteban"]
[Black "Andrzejewska, Anna"]
[Result "1/2-1/2"]
[WhiteElo "1938"]
[BlackElo "1948"]
[PlyCount "107"]
[EventDate "2021.01.12"]
[EventType "swiss (blitz)"]
[EventRounds "11"]
[EventCountry "USA"]
[SourceTitle "CBM 200 Extra"]
[Source "ChessBase"]
[SourceDate "2021.03.31"]
[SourceVersion "1"]
[SourceVersionDate "2021.03.31"]
[SourceQuality "1"]

1. Nf3 d5 2. c4 e6 3. b3 c6 4. g3 Nf6 5. Bg2 Be7 6. 0-0 0-0 7. Bb2 Nbd7 8. d3 Qc7 9. Nc3 Re8 10. Rc1 a6 11. cxd5 exd5 12. Nxd5 Nxd5 13. e4 N5f6 14. d4 Nxe4 15. Re1 Ndf6 16. d5 Bf5 17. Nh4 Bg6 18. Nxg6 hxg6 19. Bxe4 Bb4 20. Bxf6 Bxe1 21. d6 Qa5 22. d7 Bxf2+ 23. Kxf2 gxf6 24. dxe8Q+ Rxe8 25. Qc2 f5 26. Bf3 Rd8 27. Rd1 Rxd1 28. Qxd1 Qxa2+ 29. Be2 Qb2 30. Qd3 Kg7 31. Qc4 Qe5 32. Qb4 Qc7 33. Qd4+ Kg8 34. Kf3 c5 35. Qd5 b5 36. Qa8+ Kg7 37. Qd5 Qe7 38. h4 Qf6 39. Qd3 f4 40. g4 Qxh4 41. Kxf4 Qh2+ 42. Ke3 Qg3+ 43. Kd2 Qxd3+ 44. Kxd3 Kf6 45. Ke4 Kg5 46. Kd5 c4 47. bxc4 bxc4 48. Kxc4 f5 49. gxf5 gxf5 50. Kb4 Kf4 51. Ka5 Ke3 52. Bh5 f4 53. Kxa6 f3 54. Bxf3 1/2-1/2

[Event "BCF-chTa 1920 (4NCL)"]
[Site "Daventry"]
[Date "2020.02.09"]
[Round "6.48"]
[White "Latham, David"]
[Black "Andrzejewska, Anna"]
[Result "1-0"]
[WhiteElo "2064"]
[BlackElo "1974"]
[PlyCount "79"]
[EventDate "2019.11.09"]
[EventType "team-tourn"]
[EventRounds "11"]
[EventCountry "ENG"]
[SourceTitle "CBM 194 Extra"]
[Source "ChessBase"]
[SourceDate "2020.03.31"]
[SourceVersion "1"]
[SourceVersionDate "2020.03.31"]
[SourceQuality "1"]
[WhiteTeam "Spirit of Atticus"]
[BlackTeam "Celtic Tigers"]
[WhiteTeamCountry "ENG"]
[BlackTeamCountry "ENG"]

1. Nf3 Nf6 2. g3 c5 3. Bg2 d5 4. 0-0 Nc6 5. d4 e6 6. c4 cxd4 7. cxd5 Nxd5 8. Nxd4 Be7 9. Nxc6 bxc6 10. e4 Nf6 11. Qc2 Bd7 12. Be3 0-0 13. Nc3 e5 14. Na4 Qc7 15. Bc5 Rfe8 16. Rac1 Rac8 17. Rfd1 Be6 18. b3 Bxc5 19. Nxc5 Nd7 20. Nxd7 Bxd7 21. Qc5 Rb8 22. Rd2 Rec8 23. Bf1 Be8 24. Rcd1 Rb6 25. Bc4 h6 26. a4 Rcb8 27. Rd6 Qe7 28. Rxc6 Qxc5 29. Rxc5 Rb4 30. Rdd5 Kh7 31. Rxe5 f6 32. Re7 R4b7 33. Rcc7 Rxc7 34. Rxc7 Bg6 35. f3 a5 36. Kf2 Rd8 37. Bd5 f5 38. Ke3 fxe4 39. fxe4 Rf8 40. Rc5 1-0

[Event "BCF-chTa 1920 (4NCL)"]
[Site "Daventry"]
[Date "2020.01.12"]
[Round "4.38"]
[White "Andrzejewska, Anna"]
[Black "York Andersen, Anna"]
[Result "1/2-1/2"]
[WhiteElo "1974"]
[BlackElo "1739"]
[PlyCount "43"]
[EventDate "2019.11.09"]
[EventType "team-tourn"]
[EventRounds "11"]
[EventCountry "ENG"]
[SourceTitle "CBM 194 Extra"]
[Source "ChessBase"]
[SourceDate "2020.03.31"]
[SourceVersion "1"]
[SourceVersionDate "2020.03.31"]
[SourceQuality "1"]
[WhiteTeam "Celtic Tigers"]
[BlackTeam "Cambridge University"]
[WhiteTeamCountry "ENG"]
[BlackTeamCountry "ENG"]

1. e4 c6 2. d4 d5 3. Nc3 dxe4 4. Nxe4 Bf5 5. Ng3 Bg6 6. h4 h6 7. f4 e6 8. Nf3 Nd7 9. h5 Bh7 10. Bd3 Bxd3 11. Qxd3 Ngf6 12. Bd2 Qc7 13. 0-0-0 0-0-0 14. Qe2 Bd6 15. Ne5 Nb6 16. Rhe1 c5 17. Be3 c4 18. c3 Rhe8 19. Qf3 Nbd5 20. Qe2 b5 21. Bd2 a5 22. Kb1 1/2-1/2

[Event "POL-chT 2nd League"]
[Site "Jastrzebia Gora"]
[Date "2019.09.11"]
[Round "5.18"]
[White "Andrzejewska, Anna"]
[Black "Bukowska, Katarzyna"]
[Result "1-0"]
[WhiteElo "2021"]
[BlackElo "1859"]
[PlyCount "125"]
[EventDate "2019.09.07"]
[EventType "team-swiss"]
[EventRounds "9"]
[EventCountry "POL"]
[SourceTitle "EXT 2020"]
[Source "ChessBase"]
[SourceDate "2019.10.17"]
[SourceVersion "1"]
[SourceVersionDate "2019.10.17"]
[SourceQuality "1"]
[WhiteTeam "Zielonka Zieloni"]
[BlackTeam "Konin Hetman"]
[WhiteTeamCountry "POL"]
[BlackTeamCountry "POL"]

1. e4 e5 2. Nf3 Nc6 3. d4 exd4 4. Bc4 Nf6 5. e5 d5 6. Bb5 Ne4 7. Nxd4 Bd7 8. Bxc6 bxc6 9. 0-0 Bc5 10. f3 Ng5 11. f4 Ne4 12. Be3 Bb6 13. Nd2 Nxd2 14. Qxd2 c5 15. Nf3 d4 16. Bf2 Bc6 17. Bh4 Qd7 18. c4 Qf5 19. Bg3 0-0-0 20. b4 cxb4 21. Qxb4 Qc2 22. Rac1 Qa4 23. Qb1 d3+ 24. Kh1 Ba5 25. Bh4 Be4 26. Qb2 d2 27. Rcd1 Qxc4 28. Bxd8 Rxd8 29. Qa3 Bb6 30. Qb3 Qxb3 31. axb3 Be3 32. Ng5 Bc2 33. Nxf7 Bxd1 34. Rxd1 Rd3 35. e6 Rc3 36. e7 Kd7 37. Ne5+ Kxe7 38. Nc4 Rc1 39. Nxe3 Ke6 40. Kg1 Rc3 41. Kf2 Rxb3 42. Rxd2 Ra3 43. Rc2 Kd7 44. Nd5 c6 45. Nc3 a5 46. Ke3 Ra1 47. Ra2 Rxa2 48. Nxa2 Kd6 49. Kd4 a4 50. Kc4 a3 51. Nc3 Ke6 52. g4 h5 53. h3 hxg4 54. hxg4 Kd6 55. Kd4 c5+ 56. Kc4 Kc6 57. Kb3 a2 58. Kxa2 c4 59. Kb2 Kc5 60. Kc2 Kd4 61. Kd2 g6 62. g5 Kc5 63. f5 1-0

[Event "Poznan op 27th"]
[Site "Poznan"]
[Date "2019.08.24"]
[Round "8"]
[White "Pawlowski, Rafal"]
[Black "Andrzejewska, Anna"]
[Result "1/2-1/2"]
[WhiteElo "1818"]
[BlackElo "2005"]
[PlyCount "81"]
[EventDate "2019.08.18"]
[EventType "swiss"]
[EventRounds "9"]
[EventCountry "POL"]
[SourceTitle "EXT 2020"]
[Source "ChessBase"]
[SourceDate "2019.10.17"]
[SourceVersion "1"]
[SourceVersionDate "2019.10.17"]
[SourceQuality "1"]

1. d4 Nf6 2. Nf3 c5 3. c3 g6 4. Bf4 Qb6 5. Qb3 d6 6. e3 Be6 7. Qxb6 axb6 8. a3 Nh5 9. Bg5 h6 10. Bh4 g5 11. Bg3 Nxg3 12. hxg3 Bg7 13. Nbd2 Nc6 14. Bd3 d5 15. Rd1 Bg4 16. Rc1 e5 17. dxe5 Nxe5 18. Nxe5 Bxe5 19. Nf3 Bg7 20. Bb5+ Ke7 21. Bd3 Be6 22. e4 Rhd8 23. 0-0 g4 24. Nh4 dxe4 25. Bxe4 Rd2 26. Rc2 Rad8 27. Nf5+ Bxf5 28. Bxf5 Rxc2 29. Re1+ Kf6 30. Bxc2 Rd2 31. Be4 Rxb2 32. Bxb7 Kg5 33. Re3 Rc2 34. f4+ gxf3 35. gxf3 Rxc3 36. f4+ Kg6 37. Rxc3 Bxc3 38. Ba6 Kf5 39. Bd3+ Ke6 40. Bc4+ Ke7 41. Kf2 1/2-1/2